000
00285nam a22001097a 4500
008
260422b |||||||| |||| 00| 0 eng d
100
_a
Madhava, Harshadeva
245
_a
Ramayana Vishvachetana 02
260
_a
Delhi
_b
New Bharatiya Book Corporation
_c
2020
300
_a
135p
942
_2
ddc
999
_c
1267
_d
1267